History of Kiswahili poetry, A.D. 1000-2000 : (Record no. 2992)
[ view plain ]
| 000 -LEADER | |
|---|---|
| fixed length control field | 00851cam a2200241 a 4500 |
| 003 - CONTROL NUMBER IDENTIFIER | |
| control field | OSt |
| 005 - DATE AND TIME OF LATEST TRANSACTION | |
| control field | 20210208111607.0 |
| 008 - FIXED-LENGTH DATA ELEMENTS--GENERAL INFORMATION | |
| fixed length control field | 980430s1995 tz ab b f000 0 eng |
| 020 ## - INTERNATIONAL STANDARD BOOK NUMBER | |
| International Standard Book Number | 997691122X |
| 020 ## - INTERNATIONAL STANDARD BOOK NUMBER | |
| International Standard Book Number | 9976911211 (cover) |
| 040 ## - CATALOGING SOURCE | |
| Original cataloging agency | DLC |
| Transcribing agency | KABLIB |
| 082 00 - DEWEY DECIMAL CLASSIFICATION NUMBER | |
| Classification number | 496/.39 |
| Edition number | 23 |
| Item number | OGO |
| 100 1# - MAIN ENTRY--PERSONAL NAME | |
| Personal name | Ogot, Mhariri B. A. |
| 9 (RLIN) | 8070 |
| 245 10 - TITLE STATEMENT | |
| Title | History of Kiswahili poetry, A.D. 1000-2000 : |
| Remainder of title | a report / |
| Statement of responsibility, etc. | Mhariri B. A. Ogot. |
| 260 ## - PUBLICATION, DISTRIBUTION, ETC. | |
| Place of publication, distribution, etc. | Dar es Salaam : |
| Name of publisher, distributor, etc. | Chuo Kikuu cha Dar es Salaam, |
| Date of publication, distribution, etc. | c1995. |
| 300 ## - PHYSICAL DESCRIPTION | |
| Extent | xx, 542 p. : |
| Other physical details | ill., map ; |
| Dimensions | 21 cm. |
| 504 ## - BIBLIOGRAPHY, ETC. NOTE | |
| Bibliography, etc. note | Includes bibliographical references. |
| 546 ## - LANGUAGE NOTE | |
| Language note | In English, with some Swahili. |
| 650 #0 - SUBJECT ADDED ENTRY--TOPICAL TERM | |
| Topical term or geographic name entry element | Swahili poetry |
| General subdivision | History and criticism. |
| 9 (RLIN) | 8071 |
| 700 1# - ADDED ENTRY--PERSONAL NAME | |
| Personal name | Sengo, Tigiti S. Y. |
| 9 (RLIN) | 8072 |
| 710 2# - ADDED ENTRY--CORPORATE NAME | |
| Corporate name or jurisdiction name as entry element | Chuo Kikuu cha Dar es Salaam. |
| Subordinate unit | Taasisi ya Uchunguzi wa Kiswahili. |
| 9 (RLIN) | 7824 |
| 942 ## - ADDED ENTRY ELEMENTS (KOHA) | |
| Source of classification or shelving scheme | Dewey Decimal Classification |
| Koha item type | Book |
No items available.